Rural teacher: Selection, training and in-service guidance (Record no. 1327260)

MARC details
000 -LEADER
fixed length control field 00581nam a2200193Ia 4500
005 - DATE AND TIME OF LATEST TRANSACTION
control field 20250508151039.0
008 - FIXED-LENGTH DATA ELEMENTS--GENERAL INFORMATION
fixed length control field 008 250505s9999 xx 000 0 eng d
037 ## - SOURCE OF ACQUISITION
Stock number Textual
040 ## - CATALOGING SOURCE
Original cataloging agency FEDL
Language of cataloging eng
Transcribing agency FEDL
041 ## - LANGUAGE CODE
Language code of text/sound track or separate title eng
Source of code eng
084 ## - COLON CLASSIFICATION NUMBER
Classification number 379.173, STA
Assigning agency FEDL
100 ## - MAIN ENTRY--PERSONAL NAME
Personal name Staples R O
9 (RLIN) 758295
245 #0 - TITLE STATEMENT
Title Rural teacher: Selection, training and in-service guidance
260 ## - PUBLICATION, DISTRIBUTION, ETC.
Place of publication, distribution, etc. Toronto, Canada
Name of publisher, distributor, etc. The Ryerson Press
Date of publication, distribution, etc. 1947
300 ## - PHYSICAL DESCRIPTION
Extent 81p.
490 ## - SERIES STATEMENT
Series statement The Ryerson Educational Monographs
942 ## - ADDED ENTRY ELEMENTS (KOHA)
Koha item type Textual
Classification part 379.173, STA
Holdings
Withdrawn status Lost status Damaged status Not for loan Home library Current library Date acquired Total Checkouts Full call number Barcode Date last seen Price effective from Koha item type
        Department of Education Library Department of Education Library 2025-05-08   379.173, STA EL0007089 2025-05-08 2025-05-08 Textual
Copyright @ Delhi University Library System